LEADER 00959nam0-22003251i-450- 001 990003144150403321 035 $a000314415 035 $aFED01000314415 035 $a(Aleph)000314415FED01 035 $a000314415 100 $a20000920d--------km-y0itay50------ba 101 0 $aita 102 $aIT 200 1 $a<>nuova imprenditorialità$fIstituto Guglielmo Tagliacarne. 210 $as.l.$c[s.n.]$d\s.a\\. 215 $a112 p.$d22 cm 225 1 $aQuaderno dell'Istituto Guglielmo Tagliacarne$v2 300 $a[in testa al front.: Istituto Guglielmo Tagliacarne. Per la promozione della cultura economica] 676 $aF/1.4113 676 $aG/2.12. 676 $aG/3.340 712 2$aIstituto Guglielmo Tagliacarne 801 0$aIT$bUNINA$gRICA$2UNIMARC 901 $aBK 912 $a990003144150403321 952 $aA/71 QUA$b6778$fSES 959 $aSES 996 $aNuova imprenditorialità$9455950 997 $aUNINA DB $aING01 LEADER 01185nam0 2200325 450 001 000029781 005 20121029102432.0 100 $a20111222d1985----km-y0itaa50------ba 101 0 $aita 102 $aIT 200 1 $aGeografia della guerra$fdi Patrick O'Sullivan e Jesse W. Miller$gedizione italiana a cura di Gisella Cortesi 210 $aMilano$c<> Angeli$d1985 215 $a204 p.$d22 cm 225 2 $aGeografia e società 410 0$12001$aGeografia e società$v25 454 1$12001$a<> geography of Warfare$924225 700 1$aO'Sullivan,$bPatrick$0301813 701 1$aMiller,$bJesse W.$0303933 702 1$aCortesi,$bGisella 801 0$aIT$bUniversità della Basilicata - B.I.A.$gREICAT$2unimarc 912 $a000029781 996 $aGeography of Warfare$924225 997 $aUNIBAS BAS $aLETTERE CAT $aSTD074$b01$c20111222$lBAS01$h1119 CAT $aSTD074$b01$c20111222$lBAS01$h1154 CAT $aSTD074$b01$c20120119$lBAS01$h1131 CAT $aMDL$b30$c20121029$lBAS01$h1024 FMT Z30 -1$lBAS01$LBAS01$mBOOK$1BASA1$APolo Storico-Umanistico$2DSLA$BCollezione DiSSLA$3DD/1017$61017$5D1017$820121029$f04$FPrestabile Didattica